[Event "Niedersachsen-ch Seniors op 09th"]
[Site "Bad Bevensen"]
[Date "2006.06.27"]
[Round "4"]
[White "Liskien, Horst"]
[Black "Henniges, Erhard"]
[Result "1-0"]
[WhiteElo "1619"]
[BlackElo "1368"]
[PlyCount "113"]
[EventDate "2006.06.24"]
[EventType "swiss"]
[EventRounds "9"]
[EventCountry "GER"]
[SourceTitle "EXT 2022"]
[Source "ChessBase"]
[SourceDate "2021.10.06"]
[SourceVersion "1"]
[SourceVersionDate "2021.10.06"]
[SourceQuality "1"]

1. e4 e5 2. Nf3 d6 3. Bc4 Bg4 4. d3 h6 5. c3 Nf6 6. Qb3 Be6 7. Bxe6 fxe6 8. Qxb7 Nbd7 9. Qb3 Nc5 10. Qc2 Be7 11. Be3 Ncd7 12. d4 0-0 13. dxe5 Nxe5 14. Nxe5 dxe5 15. 0-0 Qe8 16. f3 Nh5 17. Bf2 Qg6 18. Be3 Nf4 19. Kh1 Bg5 20. Na3 Rfd8 21. Rad1 Be7 22. Nc4 Bd6 23. Rd2 Qf6 24. Rfd1 Qe7 25. Qa4 Kf7 26. Qc6 Kf6 27. Nxd6 cxd6 28. Rxd6 Rac8 29. Qa6 Rb8 30. Rxd8 Rxd8 31. Rxd8 Qxd8 32. Qf1 a6 33. Bxf4 exf4 34. Qe2 Qb6 35. Qd2 g5 36. Qd4+ Qxd4 37. cxd4 a5 38. b3 h5 39. a3 g4 40. b4 axb4 41. axb4 Ke7 42. Kg1 Kd6 43. b5 Kc7 44. Kf2 Kb6 45. g3 fxg3+ 46. Kxg3 gxf3 47. Kxf3 Kxb5 48. Kf4 Kc6 49. Ke5 Kd7 50. d5 exd5 51. Kxd5 h4 52. h3 Ke7 53. Ke5 Kd7 54. Kf6 Ke8 55. Ke6 Kf8 56. Kd7 Kf7 57. e5 1-0

[Event "GER North-ch Seniors 7th"]
[Site "Bad Bevensen"]
[Date "2004.06.19"]
[Round "1"]
[White "Hilburt, Leonid"]
[Black "Liskien, Horst"]
[Result "1-0"]
[WhiteElo "2208"]
[BlackElo "1779"]
[PlyCount "41"]
[EventDate "2004.06.19"]
[EventType "swiss"]
[EventRounds "9"]
[EventCountry "GER"]
[SourceTitle "EXT 2006"]
[Source "ChessBase"]
[SourceDate "2005.11.24"]
[SourceVersion "1"]
[SourceVersionDate "2005.11.24"]
[SourceQuality "1"]

1. e4 e5 2. Nf3 Nc6 3. Bb5 a6 4. Ba4 b5 5. Bb3 Bc5 6. 0-0 Nge7 7. Nxe5 Nxe5 8. d4 Bxd4 9. Qxd4 d6 10. f4 c5 11. Qc3 b4 12. Qg3 Ng4 13. h3 0-0 14. hxg4 Bb7 15. Re1 Qb6 16. Bc4 Rfd8 17. Nd2 Rd7 18. Nf3 Rad8 19. f5 d5 20. exd5 Nxd5 21. Ne5 1-0